| 000 | 00748cab a22001935a 4500 | ||
|---|---|---|---|
| 001 | L151263 | ||
| 008 | 101012e2010 xxk 000 0 eng d | ||
| 035 | _a(Sirsi) u151263 | ||
| 041 | 0 | _aeng | |
| 100 | 1 | _aThomas, Daniel | |
| 245 | 0 | 0 |
_aIndustry hit by new equality law _bEquality Act 2010 will make it harder for firms to carry out pre-employment health checks |
| 260 | _c2010 | ||
| 490 | 0 |
_aConstruction News _v(7188) 7 October 2010, 23(1) |
|
| 520 | _aExamines the Equality Act 2010 which replaces all existing discrimination legislation and will require construction companies to update their employment policies. | ||
| 590 | _aKA | ||
| 651 | 4 |
_aUnited Kingdom _y |
|
| 690 | _aMANAGEMENT-BUSINESS MANAGEMENT-DISCRIMINATION | ||
| 942 | _n0 | ||
| 999 |
_c82744 _d82744 |
||